John Adams / (Record no. 12847)

MARC details
000 -BAŞLIK
Sabit Uzunlukta Kontrol Alanı 00830nam a22002417a 4500
999 ## - SİSTEM KONTROL NUMARALARI (KOHA)
Koha Biblionumber 12847
Koha Biblioitemnumber 12847
003 - KONTROL NUMARASI IDENTIFIER
Denetim Alanı MIRAKIL
005 - SON İŞLEM TARİHİ VE ZAMANI
Denetim Alanı 20190304115552.0
008 - SABİT-BOY VERİ ELEMANLARI - GENEL BİLGİLER
Sabit Uzunlukta Kontrol Alanı 190304b tu ||||| |||| 00| 0 tur d
020 ## - ULUSLARARASI STANDART KİTAP NUMARASI
Uluslararası Standart Kitap Numarası 9780684813637
040 ## - KATALOGLAMA KAYNAK
Orijinal Kataloglama Ajansı TR-AnCHP
Metne Dönüştürmek Ajansı TR-AnCHP
041 ## - DİL KODU
Metin / Ses Parça Veya Ayrı Başlığın Dil Kodu eng
082 ## - DEWEY ONLU SINIFLANDIRMA NUMARASI
Sınıflandırma Numarası 973.44092
Ürün Numarası M11j 2001
100 ## - ANA GİRİŞ - KİŞİSEL İSİM
Kişisel Ad McCullough, David G.
245 10 - BAŞLIK TABLOSU
Başlık John Adams /
Sorumluluk Tablosu, Vb David G. McCullough.
260 ## - YAYIN, DAĞITIM, VB
Yayın, Dağıtım, Vb Yeri New York:
Yayıncı, Dağıtıcı, Vs Adı Simon&Shuster,
Yayın, Dağıtım, Vb Tarihi 2001.
300 ## - FİZİKSEL TANIM
Kapsam 751 s.:
Boyutlar 24 sm.
504 ## - KAYNAKÇA VB NOT
Kaynakça Vb Notu Kaynakça ve dizin vardır.
600 #0 - KONU KATMA GİRİŞ - KURUMSAL ADI
9 (RLIN) 5307
Kişisel Ad Adams, John
Bir Adıyla İlişkilendirilen Tarihler 1735-1826
650 #0 - KONU KATMA GİRİŞ - TOPİKAL DÖNEM
9 (RLIN) 5273
Topikal Süreli Veya Coğrafi Ad Giriş Elemanı Devlet başkanları
Genel Alt Bölümü Amerika Birleşik Devletleri
-- yaşamöyküsü
651 #0 - KONU KATMA GİRİŞ - COĞRAFİ ADI
9 (RLIN) 5270
Coğrafi İsim Amerika Birleşik Devletleri (ABD)
Genel Alt Bölümü Siyaset ve yönetim
Kronolojik Alt Bölümü 1775-1783
651 #0 - KONU KATMA GİRİŞ - COĞRAFİ ADI
9 (RLIN) 5270
Coğrafi İsim Amerika Birleşik Devletleri (ABD)
Genel Alt Bölümü Siyaset ve yönetim
Kronolojik Alt Bölümü 1783-1809
942 ## - EKLENDİ GİRİŞ ELEMANLARI (KOHA)
Sınıflandırma Veya Raf Düzeni Kaynak Dewey Decimal Classification
Koha Öğesi Türü Books
Holdings
Kalıcı Konum Mevcut Konum Edinme Tarihi Toplam Check-Out'Lar Tam Çağrı Numarası Barkod Tarih Son Görülme İtibaren Geçerli Fiyatlar Sigara Kamu Notu Koha Öğesi Türü
CHP Kütüphanesi CHP Kütüphanesi 03/04/2019   973.44092 M11j 2001 018935 03/04/2019 03/04/2019 Ertuğrul Çepni bağışıdır. Books